[Event "Cheliabinsk Panchenko Memorial op-B"]
[Site "Cheliabinsk"]
[Date "2020.09.09"]
[Round "3"]
[White "Galyaeva, Darya"]
[Black "Nur Mukhametova, Alisa"]
[Result "0-1"]
[WhiteElo "1193"]
[BlackElo "2262"]
[PlyCount "88"]
[EventDate "2020.09.07"]
[EventType "swiss"]
[EventRounds "9"]
[EventCountry "RUS"]
[SourceTitle "CBM 198 Extra"]
[Source "ChessBase"]
[SourceDate "2020.11.30"]
[SourceVersion "1"]
[SourceVersionDate "2020.11.30"]
[SourceQuality "1"]

1. d4 Nf6 2. c4 c5 3. d5 e6 4. Nc3 exd5 5. cxd5 d6 6. e4 g6 7. Nf3 Bg7 8. Be2 0-0 9. 0-0 Bg4 10. h3 Bxf3 11. Bxf3 Re8 12. Re1 a6 13. a4 Nbd7 14. Qc2 Rb8 15. Be2 Qc7 16. Bf4 Re7 17. Bh2 Rbe8 18. Bf1 h5 19. Rad1 h4 20. f4 Nh5 21. e5 Qa5 22. Qf2 Ng3 23. Bxg3 hxg3 24. Qxg3 Qb4 25. Ne4 dxe5 26. f5 Nf6 27. Nxf6+ Bxf6 28. fxg6 Qf4 29. gxf7+ Kxf7 30. Qxf4 exf4 31. Rxe7+ Rxe7 32. Bc4 Re4 33. b3 Bd4+ 34. Kf1 Ke7 35. Re1 Be3 36. Rd1 Kd6 37. Re1 Re8 38. Re2 Rb8 39. a5 Re8 40. Re1 Rg8 41. Re2 Rg3 42. Re1 Kd7 43. Re2 f3 44. Rc2 Bd4 0-1

[Event "Cheliabinsk Panchenko Memorial op-B"]
[Site "Cheliabinsk"]
[Date "2020.09.08"]
[Round "2"]
[White "Strutinskaya, Galina N"]
[Black "Galyaeva, Darya"]
[Result "1/2-1/2"]
[WhiteElo "2210"]
[BlackElo "1193"]
[PlyCount "112"]
[EventDate "2020.09.07"]
[EventType "swiss"]
[EventRounds "9"]
[EventCountry "RUS"]
[SourceTitle "CBM 198 Extra"]
[Source "ChessBase"]
[SourceDate "2020.11.30"]
[SourceVersion "1"]
[SourceVersionDate "2020.11.30"]
[SourceQuality "1"]

1. c4 c6 2. Nf3 Nf6 3. b3 d5 4. Qc2 g6 5. Bb2 Bg7 6. d3 b6 7. Nbd2 Bb7 8. Rc1 e6 9. e3 Nbd7 10. Be2 Rc8 11. 0-0 0-0 12. Qb1 Qe7 13. Qa1 Rfd8 14. a4 a5 15. Rc2 c5 16. Rfc1 Nb8 17. Ne5 Nc6 18. Nxc6 Bxc6 19. cxd5 exd5 20. d4 Nd7 21. Nf3 Bb7 22. Bb5 Rc7 23. Ba3 Rdc8 24. Qb1 Bf8 25. h3 f6 26. Rd1 Qe4 27. Bd3 Qe8 28. Qc1 Qf7 29. Bb5 Bd6 30. Qd2 Qe7 31. Rdc1 Bc6 32. Bxc6 Rxc6 33. dxc5 Bxc5 34. Qxd5+ Kg7 35. Bxc5 Rxc5 36. Rxc5 Rxc5 37. Rxc5 Nxc5 38. Nd4 h5 39. Qc6 Qb7 40. Qd6 h4 41. Qd8 Qa7 42. Qc8 Qe7 43. Qc6 Qb7 44. Qd6 Qa7 45. Qf4 Qf7 46. Qd6 Qb7 47. f3 Qa7 48. Kf2 Qb7 49. g3 hxg3+ 50. Kxg3 Qa7 51. Kf2 Qb7 52. e4 Qa7 53. e5 Nd3+ 54. Kg2 Nxe5 55. Ne6+ Kf7 56. Qd5 Qd7 1/2-1/2